<?xml version="1.0" encoding="UTF-8"?>
<record
    xmlns:xsi="http://www.w3.org/2001/XMLSchema-instance"
    xsi:schemaLocation="http://www.loc.gov/MARC21/slim http://www.loc.gov/standards/marcxml/schema/MARC21slim.xsd"
    xmlns="http://www.loc.gov/MARC21/slim">

  <leader>00783nab a2200205uuc4500</leader>
  <controlfield tag="001">1177894</controlfield>
  <controlfield tag="005">20240405085619.0</controlfield>
  <controlfield tag="008">091110e20080701                    spa  </controlfield>
  <datafield tag="035" ind1=" " ind2=" ">
    <subfield code="a">1177894</subfield>
  </datafield>
  <datafield tag="035" ind1=" " ind2=" ">
    <subfield code="a">(OCoLC)820513828</subfield>
  </datafield>
  <datafield tag="040" ind1=" " ind2=" ">
    <subfield code="c">comduadb</subfield>
  </datafield>
  <datafield tag="041" ind1=" " ind2=" ">
    <subfield code="a">spa</subfield>
  </datafield>
  <datafield tag="100" ind1="1" ind2="0">
    <subfield code="a">Caponi, Gustavo</subfield>
    <subfield code="4">aut</subfield>
    <subfield code="e">aut</subfield>
    <subfield code="9">330833</subfield>
  </datafield>
  <datafield tag="245" ind1="1" ind2="3">
    <subfield code="a">El segundo pilar. La biolog&#xED;a evolucionaria desenvolvimiental y el surgimiento de una teor&#xED;a complementaria a la teor&#xED;a de la selecci&#xF3;n natural</subfield>
  </datafield>
  <datafield tag="650" ind1=" " ind2="7">
    <subfield code="a">Biolog&#xED;a evolutiva</subfield>
    <subfield code="2">dcs</subfield>
    <subfield code="9">38833</subfield>
  </datafield>
  <datafield tag="650" ind1=" " ind2=" ">
    <subfield code="a">Teoria biologica</subfield>
    <subfield code="9">68302</subfield>
  </datafield>
  <datafield tag="650" ind1=" " ind2="7">
    <subfield code="a">Selecci&#xF3;n natural</subfield>
    <subfield code="2">lemb</subfield>
    <subfield code="9">56696</subfield>
  </datafield>
  <datafield tag="773" ind1="0" ind2=" ">
    <subfield code="t">Ludus Vitalis : Revista de Filosof&#xED;a de las Ciencias de la Vida (M&#xE9;xico)</subfield>
    <subfield code="g">Vol. 16, No. 29, 2008, p. 3-32</subfield>
    <subfield code="w">778980</subfield>
    <subfield code="x">1133-5165</subfield>
    <subfield code="0">265373</subfield>
  </datafield>
  <datafield tag="942" ind1=" " ind2=" ">
    <subfield code="c">ARIMP</subfield>
  </datafield>
  <datafield tag="999" ind1=" " ind2=" ">
    <subfield code="c">533112</subfield>
    <subfield code="d">533112</subfield>
  </datafield>
</record>
